Vorwahlen Europa - Statistiken

Allgemein
  • Dieses Quiz wurde 97 mal gespielt
    84 seit der letzten Aktualisierung
  • Das Durchschnittsergebnis liegt bei 8 aus 45
Antworten auf der Karte
Die Antworten werden auf der Karte rot bzw. grün angezeigt, abhängig davon wie oft sie richtig erraten wurden.
 
Antwortstatistiken
Antwort % Korrekt
49
88%
34
48%
33
44%
39
40%
7
36%
31
32%
41
32%
43
32%
48
28%
371
24%
386
24%
387
24%
420
24%
32
20%
353
20%
30
16%
358
16%
370
16%
372
16%
373
16%
380
16%
385
16%
40
16%
421
16%
44
16%
45
16%
46
16%
359
12%
375
12%
354
8%
355
8%
356
8%
376
8%
378
8%
382
8%
389
8%
423
8%
47
8%
351
4%
352
4%
36
4%
379
4%
381
4%
383
4%
377
0%
Keine übereinstimmenden Quizze gefunden
Verteilung der Resultate
Anzahl Personen mit jedem Resultat
Perzentil nach korrekt beantworteten Fragen
Ihre Resultats-Entwicklung
Sie haben dieses Quiz seit der letzten Aktualisierung nicht gespielt